The distributional impact of the proposed tax reform on Greek households

Αποθηκεύτηκε σε:
Λεπτομέρειες βιβλιογραφικής εγγραφής
Συγγραφή απο Οργανισμό/Αρχή: Κέντρο Προγραμματισμού και Οικονομικών Ερευνών
Άλλοι συγγραφείς: Newbery, David M. G.
Μορφή: Βιβλίο
Γλώσσα:English
Δημοσίευση: Athens : Centre of Planning and Economic Research, 2003
Σειρά:Μελέτες (Κέντρο Προγραμματισμού και Οικονομικών Ερευνών) ; 52
Θέματα:
Ετικέτες: Προσθήκη ετικέτας
Δεν υπάρχουν, Καταχωρήστε ετικέτα πρώτοι!

MARC

LEADER 00000cam a2200000 i 4500
001 1/83336
008 050809s2003 eng d
020 |a 960-341-047-0 
035 |l 10079746 
040 |a GR-MY-UA  |b gre  |e aacr 
041 0 |a eng 
082 0 |a 336.2009495  |2 (22) 
245 1 4 |a The distributional impact of the proposed tax reform on Greek households /  |c Georgia Kaplanoglou, David M. Newbery 
260 |a Athens :   |b Centre of Planning and Economic Research,   |c 2003 
300 |a 205 σ.;  |b διαγρ., πίν.;  |c 24 εκ. 
490 1 |a Studies (Κέντρον Προγραμματισμού και Οικονομικών Ερευνών)  |v ; 52 
504 |a Περιλαμβάνει βιβλιογραφία 
650 0 0 |a Taxation  |z Greece. 
650 0 0 |a Income distribution  |z Greece. 
650 0 0 |a Income tax  |z Greece. 
700 1 |a Newbery, David M. G. 
710 2 |a Κέντρο Προγραμματισμού και Οικονομικών Ερευνών. 
830 0 |a Μελέτες (Κέντρο Προγραμματισμού και Οικονομικών Ερευνών)  |v ; 52 
852 |a INST  |b CHIOS  |e 20050809  |h 336.2009495 ΚΑΠ  |p 005200023129  |q 005200023129  |t BK  |y 0 
852 |a INST  |b LESVOS  |e 20060626  |h 336.2009495 ΚΑΠ  |p 005100036165  |q 005100036165  |t BK  |y 0 
901 |a BIBL2-2005-2 
901 |a BIBL1-2006-2 
909 |a Χ  |b 108968 
909 |a Λ  |b 128663 
970 |a ΧΑΖΙΡΗ  |b ΑΝΝΑ  |z 2005/08/09